000 02112cam a2200433 4500
003 PE-LiUPU
005 20250731183439.0
020 _a9789588675312
035 _a(Sirsi) i9789588675312
035 _a(Sirsi) 50751
035 _a(Sirsi) 50751
041 _aes
044 _aco
082 0 4 _a728.37
_bI35
100 1 _aIglesia, Rafael E. J.
245 _aHabitar, diseñar /
_cRafael E. J. Iglesia.
264 1 _aBogotá :
_bEdiciones de la U,
_c2011.
300 _a235 páginas :
_bilustraciones ;
_c24 cm.
490 0 _aArquitectura
504 _aIncluye referencias bibliográficas
505 0 _aSobre habitar -- Habitar, diseñar -- Habitar -- El espacio vivido -- Territorialidad -- El sitio -- Referencias bibliográficas -- Sobre diseñar -- El campo general del diseño -- Diseñar -- Teoría del diseño -- Práctica del diseño y reso
520 _aEn el campo de la arquitectura y el urbanismo son frecuentes los trabajos que se refieren al hábitat, a las obras que lo constituyen y a los fenómenos implicados. Este texto se centra en el Hábitat y el autor lo expande y lo observa desde inf
526 _aP158
526 _aP146
526 _aP17
526 _aP12
526 _aP06
650 1 4 _aArquitectura doméstica
_xFilosofía
650 1 4 _aDiseño
_xFilosofía
859 _q67518
_h728.37
_iI35
910 _agl20130612
942 _2ddc
_cBOOK
949 _a728.37 I35
_i67518
_lCCODEBUL1
_mBUL
_tLIBRO
_o.STAFF. Colección General
596 _a1
999 _a728.37 I35
_wDEWEY
_c55153
_i67518
_f2021-11-10
_g7
_lCCODEBUL1
_mBUL
_p25.00
_r0
_sY
_tBOOK
_u2015-7-6
_xINGENIERIA
_PP06
_o.STAFF. Colección General
_d55153
999 _a728.37 I35
_wDEWEY
_c2
_i69761
_f2021-11-10
_g7
_lCCODEBUL1
_mBUL
_p25.00
_r0
_sY
_tBOOK
_u2015-7-6
_xINGENIERIA
_PP06
_o.STAFF. Colección General
999 _a728.37 I35
_wDEWEY
_c3
_i74604
_f2021-11-10
_g7
_lCCODEBUL1
_mBUL
_p14.61
_r0
_sY
_tBOOK
_u2016-9-26
_xINGENIERIA
_PP06
_0COMPRA
_o.STAFF. Colección Ingenieria y Arquitectura
980 _81
_gALBERTO SANCHEZ Responsable de Automatización